000
00212nam a2200085Ia 4500
008
120527s9999 xx 000 0 und d
100
_a
Bolza, Oskar
245
_a
Lectures on the Calculus of variations
942
_c
BK
999
_c
27810
_d
27810